UM Logo

Practical accounting 1 CPA examination/ (Record no. 8343)

MARC details
000 -LEADER
fixed length control field 00541nam a2200181 4500
005 - DATE AND TIME OF LATEST TRANSACTION
control field 20250515143242.0
008 - FIXED-LENGTH DATA ELEMENTS--GENERAL INFORMATION
fixed length control field 180125b xxu||||| |||| 00| 0 eng d
020 ## - INTERNATIONAL STANDARD BOOK NUMBER
International Standard Book Number 971-8966-5-8
082 ## - DEWEY DECIMAL CLASSIFICATION NUMBER
Classification number DFil 657.076 V238 2004
100 ## - MAIN ENTRY--PERSONAL NAME
9 (RLIN) 25800
Personal name Valix, Conrado T.
245 ## - TITLE STATEMENT
Title Practical accounting 1 CPA examination/
Statement of responsibility, etc. Conrado T. Valix.
250 ## - EDITION STATEMENT
Edition statement 2004 EDITION
260 ## - PUBLICATION, DISTRIBUTION, ETC. (IMPRINT)
Place of publication, distribution, etc. Manila:
Name of publisher, distributor, etc. GIC Enterpises & Co., Inc.,
Date of publication, distribution, etc. ©2004.
300 ## - PHYSICAL DESCRIPTION
Extent 815 pages;
Dimensions 21 cm.
500 ## - GENERAL NOTE
General note Includes appendix.
650 #0 - SUBJECT ADDED ENTRY--TOPICAL TERM
9 (RLIN) 25801
Topical term or geographic name as entry element Accounting
942 ## - ADDED ENTRY ELEMENTS (KOHA)
Source of classification or shelving scheme Dewey Decimal Classification
Koha item type Filipiniana
Holdings
Withdrawn status Lost status Source of classification or shelving scheme Damaged status Not for loan Collection code Home library Current library Source of acquisition Total Checkouts Full call number Barcode Date last seen Date last checked out Copy number Price effective from Koha item type
    Dewey Decimal Classification     Filipiniana UM Digos College - LIC UM Digos College - LIC Purchased 1 DFil 657.076 V238 2004 19538 05/15/2025 02/13/2018 1 01/25/2018 Filipiniana